01306nam a2200325 a 4500001001100000003000800011006001900019007001500038008004100053010001700094020004000111040002100151035002000172050002800192082002400220100002000244245012200264260004400386300001400430504006600444533015200510650003800662650003300700650003600733655002900769700002700798710001700825856012500842999001300967ebr5003890CaPaEBRm u cr cn|||||||||950728s1996 ctu sb 001 0 eng  z 95037480  z1567200176 (hardcover : alk. paper) aCaPaEBRcCaPaEBR a(OCoLC)7076556814aHF5616.A785bM36 1996eb04a338.7/61657/0992201 aMcKee, David L.10aAccounting services, growth, and change in the Pacific Basinh[electronic resource] /cDavid L. McKee, Don E. Garner. aWestport, Conn. :bQuorum Books,c1996. ax, 180 p. aIncludes bibliographical references (p. [161]-170) and index. aElectronic reproduction.bPalo Alto, Calif. :cebrary,d2013.nAvailable via World Wide Web.nAccess may be limited to ebrary affiliated libraries. 0aAccounting firmszSoutheast Asia. 0aAccounting firmszEast Asia. 0aAccounting firmszPacific Area. 7aElectronic books.2local1 aGarner, Don E.,d1935-2 aebrary, Inc.40uhttp://site.ebrary.com/lib/rucke/Doc?id=5003890zAn electronic book accessible through the World Wide Web; click to view c655d655